1199 1002 1914 1948 1352 1956 1023 1247 1544 1825 1371 1663 1039 1814 1743 1953 1330 1774 1953 1311 1749 1500 1476 1141 1264 1721 1198 1350 1274 1050 1508 1960 1958 1082 1455 1215 1662 1976 1462 1159 1082 1363 1262 1518 1878 1554 1571 1225 1246 1437 1703 1905 1368 1503 1998 1557 1541 1360 1634 1340 1447 1899 1407 1545 1432 1355 1635 1499 1140 1833 1663 1217 1310 1006 1456 1457 1241 1920 1479 1303 1446 1044 1918 1082 1545 1194 1304 1411 1990 1559 1765 1347 1371 1656 1731 1761 1616 1256 1349 BCNSPRNW ULIB Ver.6.0+V

เปลี่ยนเป็นภาษาไทย

Change to English
 แสดงรายละเอียดบรรณานุกรม
  กลับหน้าหลัก

Brief Record : Get Marc (ISO 2709) : E-mail record : QR code < ปิดหน้าต่าง
LEADER : 00000nam 2200000uu 4500
001    13399127130
003     ULIB
008    020711s2019 th a 000 0 eng d
020    ^a9780323479516
060    ^aWY160^bK29P
100    ^aKeltner, Norman L.
245    ^aPsychiatric Nursing
250    ^a8th ed
260    ^aLouis, Missouri :^bElsevier,^c2019
300    ^a506 pages;^b30 cm
650    ^aPsychiatric Nursing
650    ^aMental Disorders^xnursing
650    ^aNurse^xPatient Relations
650    ^aMental Disorders^xdrug therapy
650    ^aPsychotropic Drugs^xadministration & dosage
650    ^aPsychotherapy^xmethods
945    ^p3400^l0^i006320
999    ^aประนอม เกษจรัล
รายการนี้ยังไม่มีแท็ก
คุณยังไม่ได้ล็อกอิน คุณสามารถมีกิจกรรมร่วมกับเว็บไซต์ได้ แต่ต้องล็อกอินก่อน ::
  ล็อกอิน

รายการสื่อสารสนเทศ

ลำดับที่ ประเภท เลขเรียก/บาร์โค้ด สถานที่ สถานะ
1. Book การพยาบาล
Book การพยาบาล
WY160 K29P ฉ.1 
  Barcode: 006320
ห้องสมุดวิทยาเขตสวรรค์ประชารักษ์
►หนังสือทั่วไป
ถูกยืม กำหนดส่งวันที่ 31 พฤษภาคม 2569
  จอง

รายการใกล้เคียง
    ชื่อเรื่อง [Psychiatric Nursing]

    หัวเรื่อง [Psychiatric Nursing]

BibComment


ยังไม่เคยถูกคอมเมนท์

คอมเมนท์ทรัพยากรรายการนี้
  คอมเมนท์: Psychiatric Nurs..


 Copyright 2026. Bcnsprnw @Library